000 00444nam a2200169Ia 4500
008 230711s9999||||xx |||||||||||||| ||und||
041 _aENG
082 _a726.109
_bMI-T
100 _aMital, Ranjana
245 4 _aThe tirtha at mukteswar understanding its Architecture
250 _a1st Ed.
260 _c2015
_aGhaziabad
_bCopal Publishing Group
300 _a73p.
650 _aArchitecture
700 _aSugga,Prabhjit Singh
942 _cBK
999 _c6057
_d6057